AEPi 2010-2011 Brothers and Nicknames Quiz Stats

 Plays Quiz not verified by Sporcle

Support Sporcle.
Go Orange.
Score 0/38 Timer 10:00
0 Plays Today
% Correct
J.O.
80%
Mani Pichi
20%
Master Fox
20%
Taluca
20%
Cabbage
20%
MC Tigger
0%
Zula
0%
Skeez
0%
Cheese
0%
Eeyore
0%
Keebler
0%
Farva
0%
Yeeeah Baby
0%
Blue
0%
Giant Slayer
0%
Bobby
0%
Kiachete
0%
Coon Puss
0%
Binky
0%
% Correct
Bottoms
0%
Bebop
0%
Beaver Dome
0%
Dreidle
0%
Moe
0%
Squeak
0%
Candy Man aka Jay Smurf aka Smurf
0%
LBS
0%
Snap
0%
Party Graham
0%
**** Break aka **** aka Winnie
0%
Sloth Pubes aka Sloth
0%
Lamb Chop
0%
Sonny Scoops
0%
Madonna Pf
0%
Papa Dukes
0%
Hyde
0%
Blackbeard
0%
Fitts
0%

You're not logged in!

Compare scores with friends on all Sporcle quizzes.
OR
Log In

From the Vault

Movies by Cash Needed

by DarkPhalanx

'And for what? For a little bit of money? There's more to life than a little money, you know. Don'tcha know that? And here ya are, and it's a beautiful day.'
Remove Ads.
Support Sporcle.
Get the best of Sporcle when you Go Orange. This ad-free experience offers more features, more stats, and more fun while also helping to support Sporcle. Thank you for becoming a member.

Show Comments

Extras

Created Mar 10, 2011ReportNominate
Tags:2010-2011, AEPi, Brother, nickname

Top Quizzes Today


Score Distribution

Your Account Isn't Verified!

In order to create a playlist on Sporcle, you need to verify the email address you used during registration. Go to your Sporcle Settings to finish the process.

Report this User

Report this user for behavior that violates our Community Guidelines.

Details: